000 00540nam a22001812 4500
001 0000002340
005 20170406114140.0
008 140307s xx 000 0 eng d
020 _c$
040 _aYour Holding Symbol
_cYour Holding Symbol
100 1 _aDelivering the future.
245 1 0 _aOrganisation :
_bkey levers for success.
250 _a ed.
260 _aNew york :
_bThe human resouces planining society,
_c1992.
300 _a185 p. ;
_c cm.
650 0 _ahuman resouce planining.
908 _a140307
999 _c2231
_d2231